| 000 | 00660nam a2200265Ia 4500 | ||
|---|---|---|---|
| 005 | 20260121171633.0 | ||
| 008 | 008 260114s9999 xx 000 0 eng d | ||
| 020 | _a9783658290207 | ||
| 037 | _aEBOOK | ||
| 040 | _aCRL | ||
| 040 | _beng | ||
| 040 | _cCRL | ||
| 041 | _2eng | ||
| 041 | _aeng | ||
| 084 | _qCRL | ||
| 100 |
_aNargiza Abdullaeva _91078650 |
||
| 245 | 0 | _aTertiary Student Migration from Central Asia to Germany | |
| 260 | _bSpringer | ||
| 260 | _bSpringer | ||
| 260 | _c2020 | ||
| 856 | _uhttps://link.springer.com/openurl?genre=book&isbn=978-3-658-29020-7 | ||
| 942 | _cEBOOK | ||
| 999 |
_c1644381 _d1644381 |
||